000 00537nam a2200193Ia 4500
005 20250326141322.0
008 250326s9999 xx 000 0 und d
037 _aTextbook
040 _aFMSL
_beng
_cFMSL
041 _aeng
_2eng
084 _aX:74 M8;22
_qFMSL
100 _aJauch LR
_9744161
245 0 _aBusiness policy and strategic management
_cJauch Lr; Glueck Wf
250 _a3
260 _aNew York
_bNew York, Mcgrow-Hill
_c1988
300 _a959p
942 _cTB
_hX:74 M8;22
999 _c1289755
_d1289755